Sports Quiz

Random Sports or Basketball Quiz

NBA 1991-92 Chicago Bulls Team Photo Quiz Stats

 Plays Quiz not verified by Sporcle

Score 0/16 Timer 06:00
0 Plays Today
% Correct
Scottie Pippen
98.9%
Michael Jordan
97.7%
Horace Grant
82.3%
Phil Jackson
79.4%
B.J. Armstrong
77.7%
Bill Cartwright
71.4%
John Paxson
70.9%
Craig Hodges
50.9%
% Correct
Will Perdue
49.7%
Scott Williams
44.6%
Stacey King
41.7%
Tex Winter
37.7%
Cliff Levingston
29.7%
Bob Hansen
18.3%
Jim Cleamons
18.3%
Johnny Bach
13.1%

You're not logged in!

Compare scores with friends on all Sporcle quizzes.
OR
Log In

Sporcle TV

Today on Sporcle TV


Watch our educational content, quiz creation guides, and fun videos on Sporcle TV.

Show Comments

Extras

Top Quizzes Today


Score Distribution

Your Account Isn't Verified!

In order to create a playlist on Sporcle, you need to verify the email address you used during registration. Go to your Sporcle Settings to finish the process.

Report this User

Report this user for behavior that violates our Community Guidelines.

Details: